[Event "Belgrade-chT2 Quality"]
[Site "Belgrade"]
[Date "2022.11.12"]
[Round "10.1"]
[White "Matijasevic, Milutin"]
[Black "Mitic, Miroslav"]
[Result "1-0"]
[WhiteElo "2212"]
[BlackElo "1945"]
[PlyCount "51"]
[EventDate "2022.10.15"]
[EventType "team-tourn"]
[EventRounds "13"]
[EventCountry "SRB"]
[SourceTitle "EXT 2024"]
[Source "ChessBase"]
[SourceDate "2023.10.10"]
[SourceVersion "1"]
[SourceVersionDate "2023.10.10"]
[SourceQuality "1"]
[WhiteTeam "Novi Belgrade Technicka"]
[BlackTeam "Lazarevac Kolubara"]
[WhiteTeamCountry "SRB"]
[BlackTeamCountry "SRB"]

1. e4 e6 2. d4 d5 3. exd5 exd5 4. Bd3 Bd6 5. c3 Nc6 6. Nf3 Nge7 7. 0-0 Bg4 8. b4 a6 9. Re1 Qd7 10. Nbd2 0-0 11. Nf1 Bf5 12. Ne3 Bg6 13. Bxg6 Nxg6 14. Nxd5 Bxh2+ 15. Nxh2 Qxd5 16. Qf3 Nce7 17. Bd2 c6 18. Qd3 Rad8 19. Ng4 Nf5 20. a3 f6 21. Ne3 Nxe3 22. fxe3 f5 23. c4 Qe6 24. Qc2 Rfe8 25. b5 axb5 26. cxb5 1-0

[Event "Belgrade-chT Quality"]
[Site "Belgrade"]
[Date "2020.11.06"]
[Round "7.1"]
[White "Matijasevic, Milutin"]
[Black "Lazarevic, Zoran Voj"]
[Result "0-1"]
[WhiteElo "2189"]
[BlackElo "2132"]
[PlyCount "113"]
[EventDate "2020.10.09"]
[EventType "team-tourn"]
[EventRounds "9"]
[EventCountry "SRB"]
[SourceTitle "EXT 2022"]
[Source "ChessBase"]
[SourceDate "2021.10.06"]
[SourceVersion "1"]
[SourceVersionDate "2021.10.06"]
[SourceQuality "1"]
[WhiteTeam "Belgrade NBSK"]
[BlackTeam "Belgrade Bask"]
[WhiteTeamCountry "SRB"]
[BlackTeamCountry "SRB"]

1. e3 c5 2. Nf3 Nf6 3. b3 e6 4. Bb2 Be7 5. d4 0-0 6. Be2 b6 7. Ne5 Bb7 8. Bf3 d5 9. 0-0 Nbd7 10. c4 Nxe5 11. dxe5 Ne4 12. Qc2 f5 13. exf6 Bxf6 14. Bxe4 dxe4 15. Rd1 Qc7 16. Bxf6 gxf6 17. Nc3 Qe5 18. Rd7 Bc6 19. f4 Qb8 20. Re7 Re8 21. Rxe8+ Qxe8 22. Rd1 Rc8 23. Rd6 Qe7 24. Qd1 f5 25. g4 Qg7 26. Rd8+ Rxd8 27. Qxd8+ Kf7 28. Qc7+ Kf8 29. Qd6+ Kf7 30. Qc7+ Kf8 31. Qxg7+ Kxg7 32. h3 Kf6 33. Kf2 Kg6 34. Kg3 Bd7 35. Kh4 Bc6 36. a4 a6 37. Kg3 Kf6 38. Kf2 Kg6 39. Kg2 Kg7 40. Kg3 Kf6 41. Kf2 Kg6 42. Ke1 fxg4 43. hxg4 h5 44. Kf2 hxg4 45. Kg3 Kf5 46. Nd1 b5 47. cxb5 axb5 48. a5 Bb7 49. Kh4 Ba6 50. Kg3 b4 51. Nb2 Bb5 52. Kh4 Ba6 53. Kg3 Bb5 54. Kh4 e5 55. fxe5 Kxe5 56. Kxg4 Bd7+ 57. Kg3 0-1

[Event "Belgrade-chT Quality"]
[Site "Belgrade"]
[Date "2020.10.09"]
[Round "1.1"]
[White "Petrekanovic, Miroslav"]
[Black "Matijasevic, Milutin"]
[Result "0-1"]
[WhiteElo "2155"]
[BlackElo "2189"]
[PlyCount "143"]
[EventDate "2020.10.09"]
[EventType "team-tourn"]
[EventRounds "9"]
[EventCountry "SRB"]
[SourceTitle "EXT 2022"]
[Source "ChessBase"]
[SourceDate "2021.10.06"]
[SourceVersion "1"]
[SourceVersionDate "2021.10.06"]
[SourceQuality "1"]
[WhiteTeam "Belgrade Banjica"]
[BlackTeam "Belgrade NBSK"]
[WhiteTeamCountry "SRB"]
[BlackTeamCountry "SRB"]

1. d4 b6 2. Nc3 Bb7 3. Bf4 e6 4. e3 a6 5. Qg4 d6 6. Nf3 Nf6 7. Qh3 Nbd7 8. Be2 h6 9. 0-0-0 Rg8 10. Ne1 g5 11. Bg3 Qe7 12. f4 0-0-0 13. Bf3 Bg7 14. Nd3 g4 15. Bxb7+ Kxb7 16. Qh4 Nf8 17. Be1 Ng6 18. Qf2 d5 19. Qe2 h5 20. Rf1 Ne4 21. Nxe4 dxe4 22. Nb4 Ra8 23. Qc4 a5 24. Nc6 Qe8 25. Ne5 Ne7 26. Qb3 a4 27. Qa3 f6 28. Nc4 Nd5 29. b3 Bf8 30. Qb2 a3 31. Qb1 b5 32. Na5+ Rxa5 33. Bxa5 b4 34. c4 Nc3 35. Qc2 f5 36. c5 Qb5 37. Bxb4 Qxb4 38. Qd2 Nd5 39. Qxb4+ Nxb4 40. Kd2 Kc6 41. Rc1 Kb5 42. Rc4 Be7 43. Rfc1 c6 44. Rxb4+ Kxb4 45. Rc4+ Kb5 46. Ra4 h4 47. Ke2 h3 48. g3 Bd8 49. Ra8 Rh8 50. Ra7 Ba5 51. Re7 Kb4 52. Kd2 Kb5+ 53. Ke2 Rh6 54. Ra7 Bd8 55. Rd7 Bh4 56. Kf2 Bf6 57. Rb7+ Ka5 58. Rb6 Rh8 59. Rxc6 Rb8 60. Rxe6 Bd8 61. Rc6 Kb4 62. Ra6 Ba5 63. Ra7 Kb5 64. Ke2 Kb4 65. Kd2 Bd8 66. c6 Rc8 67. d5 Kc5 68. Rd7 Ba5+ 69. Kd1 Rd8 70. c7 Rc8 71. d6 Kc6 72. Rf7 0-1

[Event "Belgrade-chTB Quality"]
[Site "Belgrade"]
[Date "2018.10.21"]
[Round "8.2"]
[White "Matijasevic, Milutin"]
[Black "Injac, Teodora"]
[Result "0-1"]
[WhiteElo "2220"]
[BlackElo "2241"]
[PlyCount "92"]
[EventDate "2018.09.29"]
[EventType "team-tourn"]
[EventRounds "11"]
[EventCountry "SRB"]
[SourceTitle "EXT 2022"]
[Source "ChessBase"]
[SourceDate "2021.10.06"]
[SourceVersion "1"]
[SourceVersionDate "2021.10.06"]
[SourceQuality "1"]
[WhiteTeam "Belgrade NB"]
[BlackTeam "Belgrade Turbina"]
[WhiteTeamCountry "SRB"]
[BlackTeamCountry "SRB"]

1. e4 e6 2. b3 c5 3. Bb2 a6 4. g3 Nc6 5. Bg2 Nf6 6. Ne2 d6 7. 0-0 Be7 8. Nbc3 0-0 9. d4 cxd4 10. Nxd4 Nxd4 11. Qxd4 e5 12. Qd3 b5 13. Nd5 Nxd5 14. Qxd5 Be6 15. Qd3 Qb6 16. Kh1 Rfc8 17. Qd2 Rc6 18. f4 f6 19. Qf2 Qxf2 20. Rxf2 Rac8 21. c3 Bd8 22. Rd2 Ba5 23. f5 Bf7 24. b4 Bb6 25. a4 Bc4 26. axb5 Bxb5 27. Bf1 Bxf1 28. Rxf1 a5 29. b5 Rc5 30. Rxd6 Rxb5 31. Rd2 a4 32. Rfd1 Rb3 33. Ra1 Rc4 34. Ba3 Rcxc3 35. Bd6 Rc4 36. Rda2 Rd4 37. Ba3 Rxe4 38. Rc2 h5 39. Rc8+ Kh7 40. Ra8 h4 41. g4 Rxg4 42. Bf8 h3 43. Rc1 Rb2 44. Bxg7 Rc4 45. Rd1 Rd2 46. Rb1 Kxg7 0-1

[Event "Belgrade-chTB Quality"]
[Site "Belgrade"]
[Date "2018.10.14"]
[Round "6.3"]
[White "Matijasevic, Milutin"]
[Black "Mijatovic, Dusan"]
[Result "1/2-1/2"]
[WhiteElo "2220"]
[BlackElo "2134"]
[PlyCount "30"]
[EventDate "2018.09.29"]
[EventType "team-tourn"]
[EventRounds "11"]
[EventCountry "SRB"]
[SourceTitle "CBM 187 Extra"]
[Source "ChessBase"]
[SourceDate "2018.11.04"]
[SourceVersion "1"]
[SourceVersionDate "2018.11.04"]
[SourceQuality "1"]
[WhiteTeam "Belgrade NB"]
[BlackTeam "Belgrade EDB"]
[WhiteTeamCountry "SRB"]
[BlackTeamCountry "SRB"]

1. e4 e6 2. g3 d5 3. exd5 exd5 4. Bg2 Nf6 5. Nf3 Qe7+ 6. Qe2 Be6 7. 0-0 Nc6 8. b4 Nxb4 9. Ba3 Bf5 10. Ne5 Nd7 11. d4 c5 12. Bxb4 cxb4 13. Bxd5 Nxe5 14. dxe5 0-0-0 15. c4 Be6 1/2-1/2

[Event "Belgrade-chTB Quality"]
[Site "Belgrade"]
[Date "2018.10.13"]
[Round "5.3"]
[White "Lukic, Dusan"]
[Black "Matijasevic, Milutin"]
[Result "0-1"]
[WhiteElo "2044"]
[BlackElo "2220"]
[PlyCount "48"]
[EventDate "2018.09.29"]
[EventType "team-tourn"]
[EventRounds "11"]
[EventCountry "SRB"]
[SourceTitle "CBM 187 Extra"]
[Source "ChessBase"]
[SourceDate "2018.11.04"]
[SourceVersion "1"]
[SourceVersionDate "2018.11.04"]
[SourceQuality "1"]
[WhiteTeam "Belgrade Rakovica"]
[BlackTeam "Belgrade NB"]
[WhiteTeamCountry "SRB"]
[BlackTeamCountry "SRB"]

1. e4 c5 2. c3 Qa5 3. f4 d6 4. Nf3 Nc6 5. Qb3 e6 6. Na3 Nf6 7. Nc4 Qc7 8. e5 Nd5 9. d4 cxd4 10. cxd4 dxe5 11. fxe5 Bb4+ 12. Kf2 0-0 13. Ne3 f6 14. Nxd5 exd5 15. Qxd5+ Kh8 16. Bf4 Nxd4 17. Rc1 Nc6 18. Bb5 fxe5 19. Bxe5 Qxe5 20. Bxc6 Qxb2+ 21. Kg3 bxc6 22. Qxc6 Bb7 23. Qc2 Bd6+ 24. Kf2 Qd4+ 0-1

[Event "Belgrade-chTB Quality"]
[Site "Belgrade"]
[Date "2018.10.07"]
[Round "4.3"]
[White "Matijasevic, Milutin"]
[Black "Simonovic, Miroslav"]
[Result "1/2-1/2"]
[WhiteElo "2220"]
[BlackElo "2219"]
[PlyCount "24"]
[EventDate "2018.09.29"]
[EventType "team-tourn"]
[EventRounds "11"]
[EventCountry "SRB"]
[SourceTitle "CBM 187 Extra"]
[Source "ChessBase"]
[SourceDate "2018.11.04"]
[SourceVersion "1"]
[SourceVersionDate "2018.11.04"]
[SourceQuality "1"]
[WhiteTeam "Belgrade NB"]
[BlackTeam "Belgrade Politika"]
[WhiteTeamCountry "SRB"]
[BlackTeamCountry "SRB"]

1. Nc3 c5 2. d4 cxd4 3. Qxd4 Nc6 4. Qd3 g6 5. Nf3 Bg7 6. e4 d6 7. h3 Nf6 8. Be2 h6 9. Be3 0-0 10. a3 a6 11. 0-0 b5 12. Nd5 Nxd5 1/2-1/2

[Event "SRB-chT quality"]
[Site "Belgrade"]
[Date "2010.10.29"]
[Round "9"]
[White "Dimitrijevic, Radmilo"]
[Black "Matijasevic, Milutin"]
[Result "1/2-1/2"]
[WhiteElo "2207"]
[BlackElo "2222"]
[PlyCount "30"]
[EventDate "2010.10.09"]
[EventType "team-tourn"]
[EventRounds "11"]
[EventCountry "YUG"]
[SourceTitle "EXT 2011"]
[Source "ChessBase"]
[SourceDate "2010.11.26"]
[SourceVersion "1"]
[SourceVersionDate "2010.11.26"]
[SourceQuality "1"]

1. e4 e5 2. Nf3 Nc6 3. Bc4 Bc5 4. c3 Nf6 5. d3 h6 6. Bb3 d6 7. 0-0 0-0 8. Nbd2 Bb6 9. h3 Be6 10. Re1 Bxb3 11. axb3 a6 12. Nc4 Ba7 13. Ne3 Ne7 14. Nh4 Bxe3 15. Bxe3 Qd7 1/2-1/2

[Event "SRB-chT quality"]
[Site "Belgrade"]
[Date "2010.10.27"]
[Round "7"]
[White "Matijasevic, Milutin"]
[Black "Banjovic, Sasa"]
[Result "1/2-1/2"]
[WhiteElo "2222"]
[BlackElo "2185"]
[PlyCount "36"]
[EventDate "2010.10.09"]
[EventType "team-tourn"]
[EventRounds "11"]
[EventCountry "YUG"]
[SourceTitle "EXT 2011"]
[Source "ChessBase"]
[SourceDate "2010.11.26"]
[SourceVersion "1"]
[SourceVersionDate "2010.11.26"]
[SourceQuality "1"]

1. e4 e6 2. d4 d5 3. exd5 exd5 4. c4 c6 5. Nc3 Nf6 6. Nf3 Bg4 7. Be2 Be7 8. 0-0 0-0 9. Re1 Nbd7 10. Bf4 dxc4 11. Bxc4 Nb6 12. Bb3 a5 13. h3 Bh5 14. d5 Nfxd5 15. Nxd5 Nxd5 16. Bxd5 cxd5 17. Re5 Bxf3 18. Qxf3 Bf6 1/2-1/2

[Event "SRB-chT quality"]
[Site "Belgrade"]
[Date "2010.10.24"]
[Round "6"]
[White "Matijasevic, Milutin"]
[Black "Ugrcic, Zoran"]
[Result "1/2-1/2"]
[WhiteElo "2222"]
[BlackElo "2066"]
[PlyCount "49"]
[EventDate "2010.10.09"]
[EventType "team-tourn"]
[EventRounds "11"]
[EventCountry "YUG"]
[SourceTitle "EXT 2011"]
[Source "ChessBase"]
[SourceDate "2010.11.26"]
[SourceVersion "1"]
[SourceVersionDate "2010.11.26"]
[SourceQuality "1"]

1. e4 c5 2. Nc3 Nc6 3. Nf3 d6 4. d4 cxd4 5. Nxd4 e5 6. Nxc6 bxc6 7. f4 Be7 8. Bc4 Nf6 9. fxe5 dxe5 10. Qxd8+ Bxd8 11. Bg5 Ba5 12. Bxf6 gxf6 13. 0-0 Ke7 14. Rf3 Bg4 15. Rg3 Rhg8 16. Ne2 Bb6+ 17. Kh1 Rg6 18. Ng1 Rd8 19. Bd3 Bf2 20. Rxg4 Rxg4 21. Nf3 Bd4 22. Rb1 h5 23. g3 c5 24. b3 Bc3 25. Nh4 1/2-1/2

[Event "Belgrade-chT Quality"]
[Site "Belgrade"]
[Date "2009.11.02"]
[Round "10"]
[White "Petkovic, Zeljko"]
[Black "Matijasevic, Milutin"]
[Result "1-0"]
[WhiteElo "2107"]
[BlackElo "2239"]
[PlyCount "145"]
[EventDate "2009.10.11"]
[EventType "team-tourn"]
[EventRounds "11"]
[EventCountry "YUG"]
[SourceTitle "CBM 133 Extra"]
[Source "ChessBase"]
[SourceDate "2010.01.05"]
[SourceVersion "1"]
[SourceVersionDate "2010.01.05"]
[SourceQuality "1"]

1. e4 e6 2. d4 c5 3. Nf3 cxd4 4. Nxd4 Nf6 5. Bd3 Nc6 6. Nxc6 dxc6 7. Nc3 e5 8. 0-0 Be6 9. Qe2 Bc5 10. Be3 Bg4 11. f3 Qb6 12. Bxc5 Qxc5+ 13. Qf2 Qxf2+ 14. Kxf2 Be6 15. Rfd1 0-0-0 16. a3 Rd6 17. Bc4 Rhd8 18. Bxe6+ Rxe6 19. Rxd8+ Kxd8 20. Ke3 Nd7 21. h4 h5 22. g4 Rh6 23. g5 Rd6 24. Ne2 Nf8 25. Ng3 g6 26. b4 Nd7 27. Nf1 Ke7 28. a4 c5 29. b5 a6 30. Nd2 f6 31. gxf6+ Kxf6 32. c3 axb5 33. axb5 Rb6 34. Rb1 g5 35. Nc4 Re6 36. Rd1 Nb6 37. hxg5+ Kxg5 38. Nxe5 Kf6 39. Nd7+ Nxd7 40. Rxd7 Kg6 41. Rc7 h4 42. Rxc5 Kh6 43. Kf4 Rg6 44. Rd5 h3 45. Rd1 h2 46. Rh1 Rg2 47. Ke5 Rd2 48. Ke6 Kg5 49. Ke5 Kg6 50. f4 Kf7 51. c4 b6 52. c5 bxc5 53. b6 Rb2 54. b7 Rxb7 55. Rxh2 Rb4 56. Rc2 c4 57. Kd4 c3+ 58. Kd3 Ke6 59. Rxc3 Rb6 60. Ra3 Rd6+ 61. Kc4 Rc6+ 62. Kd4 Rd6+ 63. Kc5 Rd7 64. Ra6+ Ke7 65. f5 Kf7 66. e5 Rd8 67. Ra7+ Kg8 68. Kc6 Rd1 69. f6 Rd8 70. Rd7 Ra8 71. Kd6 Ra6+ 72. Ke7 Kh8 73. f7 1-0

[Event "Belgrade-chT Quality"]
[Site "Belgrade"]
[Date "2009.10.17"]
[Round "2"]
[White "Zakic, Srdjan"]
[Black "Matijasevic, Milutin"]
[Result "1-0"]
[WhiteElo "2353"]
[BlackElo "2239"]
[PlyCount "41"]
[EventDate "2009.10.11"]
[EventType "team-tourn"]
[EventRounds "11"]
[EventCountry "YUG"]
[SourceTitle "CBM 133 Extra"]
[Source "ChessBase"]
[SourceDate "2010.01.05"]
[SourceVersion "1"]
[SourceVersionDate "2010.01.05"]
[SourceQuality "1"]

1. e4 e5 2. Nf3 Nc6 3. Bb5 Nf6 4. d3 d6 5. c3 Bd7 6. 0-0 Na5 7. Na3 Bxb5 8. Nxb5 Be7 9. d4 Nc6 10. Qe2 a6 11. Na3 exd4 12. Nxd4 Nxd4 13. cxd4 Qd7 14. Nc2 Qb5 15. Qf3 0-0-0 16. Ne3 Qd3 17. e5 dxe5 18. dxe5 Ne4 19. Rd1 Ng5 20. Qg4+ f5 21. exf6+ 1-0

[Event "Belgrade-chT Quality"]
[Site "Belgrade"]
[Date "2008.11.09"]
[Round "8"]
[White "Banjovic, Sasa"]
[Black "Matijasevic, Milutin"]
[Result "0-1"]
[WhiteElo "2182"]
[BlackElo "2236"]
[PlyCount "62"]
[EventDate "2008.11.01"]
[EventType "team-swiss"]
[EventRounds "11"]
[EventCountry "YUG"]
[SourceTitle "CBM 127 Extra"]
[Source "ChessBase"]
[SourceDate "2009.01.08"]
[SourceVersion "2"]
[SourceVersionDate "2009.01.28"]
[SourceQuality "1"]

1. d4 d5 2. c4 Nc6 3. cxd5 Qxd5 4. e3 e5 5. Nc3 Bb4 6. Bd2 Bxc3 7. bxc3 Nf6 8. f3 0-0 9. c4 Qd6 10. d5 Ne7 11. e4 Nd7 12. g4 Nc5 13. Qb1 a5 14. Bd3 Ra6 15. Bc2 g6 16. Bh6 Re8 17. Ne2 Qf6 18. Qb5 Nd7 19. Be3 c6 20. Qb2 cxd5 21. 0-0 d4 22. Nxd4 exd4 23. Bxd4 Qe6 24. c5 Nc6 25. Bb3 Qe7 26. Be3 Nde5 27. Rad1 Be6 28. Rd6 Bxb3 29. Qxb3 Rd8 30. Qd5 Rxd6 31. cxd6 Qe6 0-1